000 00324nam a22001337a 4500
008 181018b xxu||||| |||| 00| 0 eng d
020 _a9780471509820
041 _aeng
080 _a159.9
100 _a49
101 _aPSI
245 _aStatistical Applications for the Behavioral Sciences
_cGrimm, L.G
942 _2udc
_cBK
999 _c50155
_d50155